000 00436nam a2200181Ia 4500
001 14314
003 IN-NITTTR
005 20251114233134.0
008 251113s9999||||xx |||||||||||||| ||eng||
040 _beng
040 _cIN-NITTTR
041 _aeng
082 _a004.6 D758P
100 _aDowney, James M.
245 0 _aPet interfacing /
_cDowney, James M., Rogers, Steven M.
700 _a Rogers, Steven M.
942 _2ddc
_cBK
999 _c16950
_d16950